000
00271nam a22001217a 4500
008
180205b xxu||||| |||| 00| 0 eng d
041
_a
eng
080
_a
54
100
_a
12
101
_a
kim
245
_a
interntaional chemical series
_c
william.j.w
942
_2
udc
_c
BK
999
_c
41785
_d
41785